Nicolas Grimaldi, Une démence ordinaire, Paris, Presses Universitaires de France, 2009, 267 p. (notice n° 1657817)

détails MARC
000 -LEADER
fixed length control field 01552cam a2200169 4500500
005 - DATE AND TIME OF LATEST TRANSACTION
control field 20260208010715.0
041 ## - LANGUAGE CODE
Language code of text/sound track or separate title fre
042 ## - AUTHENTICATION CODE
Authentication code dc
100 10 - MAIN ENTRY--PERSONAL NAME
Personal name Lorvellec, Yves
Relator term author
245 00 - TITLE STATEMENT
Title Nicolas Grimaldi, Une démence ordinaire, Paris, Presses Universitaires de France, 2009, 267 p.
260 ## - PUBLICATION, DISTRIBUTION, ETC.
Date of publication, distribution, etc. 2011.<br/>
500 ## - GENERAL NOTE
General note 67
520 ## - SUMMARY, ETC.
Summary, etc. RésuméL’Agence pour l’évaluation de la recherche et de l’enseignement supérieur ( aeres) avait édité en 2008 deux listes différentes pour le classement des revues philosophiques (cf. Revue philosophique, 2009-1, p. 91-99). En novembre 2009 est parue une nouvelle liste « actualisée ». Des changements importants (moins de titres, abandon du classement interne) différencient la nouvelle liste des précédentes. On analyse la portée et les limites de ces changements.
520 ## - SUMMARY, ETC.
Summary, etc. In 2008, the Agency for Assessment of Research and Higher Education in France (Agence pour l’évaluation de la recherche et de l’enseignement supérieur, aeres) published two separate lists to rank philosophical journals (see Revue philosophique 2009-1, p. 91-99). A new and updated list appeared in November 2009, with significant changes: fewer titles were included and internal ranking was abandoned. This paper discusses the scope and limitations of these changes.
786 0# - DATA SOURCE ENTRY
Note Revue philosophique de la France et de l'étranger | 135 | 4 | 2011-02-14 | p. 509y-537y | 0035-3833
856 41 - ELECTRONIC LOCATION AND ACCESS
Uniform Resource Identifier <a href="https://shs.cairn.info/revue-philosophique-2010-4-page-509y?lang=fr&redirect-ssocas=7080">https://shs.cairn.info/revue-philosophique-2010-4-page-509y?lang=fr&redirect-ssocas=7080</a>

Pas d'exemplaire disponible.

PLUDOC

PLUDOC est la plateforme unique et centralisée de gestion des bibliothèques physiques et numériques de Guinée administré par le CEDUST. Elle est la plus grande base de données de ressources documentaires pour les Étudiants, Enseignants chercheurs et Chercheurs de Guinée.

Adresse

627 919 101/664 919 101

25 boulevard du commerce
Kaloum, Conakry, Guinée

Réseaux sociaux

Powered by Netsen Group @ 2025